000 01007nam0a2200325 i 4500
001 RU\NLR\BIBL_A\010571790
005 20260406123113.0
010 _a9785699757053
_93000
021 _aRU
_b2014-79328
_94843
035 _a(NILC)RuMoRGB-007570223
035 _a(NLR Aleph) 010571790
090 _a10427083
_c10427083
100 _a20141222d2014 m y0rusy50 ca
101 1 _arus
_ceng
102 _aRU
105 _ay|||z|||000ay
200 1 _aБурный финиш
_fДик Фрэнсис
_g[пер. с англ. С. Б. Белова]
210 _aМосква
_cЭксмо
_d2014
215 _a347, [1] с.
_d17
225 1 _aВесь Фрэнсис
333 _a16+
675 _a821.111-31
686 1 _aШ6(4Вл)67-446(Лх1299-60)
700 1 _8rus
_7ca
_aФренсис
_bД.
_f1920-2010
_gДик
_3RU\NLR\AUTH\77821
_9110861
801 0 _aRU
_bRuMoRKP
_c20071115
_gRCR
801 2 _aRU
_bРГБ
_c20141020
_grcr
942 _cBOOK
980 _aNBR